Statistiques concernant Noms familiers ou désuets désignant la chaussure

Cliquez ici pour prendre le quiz!

Statistiques générales

  • Ce quiz a été pris 130 fois
  • Le résultat moyen est 3 sur 16

Statistiques - réponses

Chaussure% Correct
godasse
89%
grole
59%
pompe
56%
godillot
26%
tatane
26%
savate
17%
croquenot
11%
galoche
8%
bateau
7%
péniche
7%
écrase merde
3%
ribouis
3%
targette
3%
basque
2%
latte
2%
gadin
1%

Distribution des résultats

Percentile par nombre de réponses

% des personnes avec chaque résultat

Votre développement - résultats

Vous n’avez pas pris ce quiz